Elementary number theory /
Sparad:
| Huvudupphovsman: | |
|---|---|
| Materialtyp: | Sách giấy |
| Språk: | English |
| Publicerad: |
New York :
McGraw-Hill ,
2001
|
| Taggar: |
Lägg till en tagg
Inga taggar, Lägg till första taggen!
|
| Thư viện lưu trữ: | Thư viện Trường Đại học Đà Lạt |
|---|
| LEADER | 00565nam a2200241 4500 | ||
|---|---|---|---|
| 001 | DLU020019439 | ||
| 005 | ##1/4/2002 | ||
| 020 | # | # | |a 978- |
| 041 | # | # | |a eng |
| 082 | # | # | |a 512.72 |b EY-C |
| 100 | # | # | |a Eynden, Charles Vanden |
| 245 | # | # | |a Elementary number theory / |c Charles Vanden Eynden |
| 260 | # | # | |a New York : |b McGraw-Hill , |c 2001 |
| 300 | # | # | |a 278 tr., VIII; |c 24 cm. |
| 992 | # | # | |a 1165677 |
| 994 | # | # | |a DLU |
| 900 | # | # | |a False |
| 911 | # | # | |a Administrator |
| 925 | # | # | |a G |
| 926 | # | # | |a A |
| 927 | # | # | |a SH |
| 980 | # | # | |a Thư viện Trường Đại học Đà Lạt |